Biggest Party Schools in America - Statistics

General Stats
  • This quiz has been taken 23 times
  • The average score is 24 of 50
Answer Stats
Rank College / University % Correct
6 Alabama
95%
8 Georgia
95%
33 Texas
95%
43 Florida
89%
2 Florida State
89%
24 Michigan
89%
17 Ohio
89%
20 Ohio State
84%
50 Kansas
79%
18 Miami (FL)
79%
29 Miami (OH)
79%
13 Ole Miss
79%
41 Penn
79%
28 South Carolina
79%
5 Wisconsin
79%
26 Iowa
74%
4 USC
74%
23 Michigan State
68%
14 Colorado
63%
12 Penn State
63%
38 Virginia
63%
19 Indiana
58%
35 Oklahoma
58%
10 Illinois
53%
22 San Diego State
53%
7 Syracuse
53%
3 Tulane
53%
11 West Virginia
53%
1 UC Santa Brabara
42%
31 Vanderbilt
42%
44 Washington State
42%
32 SMU
32%
27 Cincinatti
21%
48 East Carolina
21%
47 Temple
21%
40 Delaware
16%
9 Howard
16%
34 James Madison
16%
15 Clark Atlanta
11%
16 Dayton
11%
21 Florida A&M
5%
30 Morgan State
5%
36 North Carolina A&T
5%
46 Prairie View A&M
5%
37 SUNY Albany
5%
45 SUNY Binghamton
5%
42 Tampa
5%
49 Tennessee State
5%
25 Texas Southern
5%
39 Airzona
0%
No matching quizzes found
Score Distribution
Percent of People with Each Score
Percentile by Number Answered
Your Score History
You have not taken this quiz